Giáo trình mô hình công tác xã hội cá nhân

Na minha lista:
Detalhes bibliográficos
Autor principal: Mai, Thị Kim Thanh
Formato: Livro
Publicado em: Hà Nội Dân trí 2019
Assuntos:
Tags: Adicionar Tag
Sem tags, seja o primeiro a adicionar uma tag!
Thư viện lưu trữ: Trung tâm Học liệu Lê Vũ Hùng, Trường Đại học Đồng Tháp
LEADER 00759pam a22002298a 4500
001 00046120
005 20201214111233.0
008 170517s2011 ||||||Viesd
020 # # |a 9786048885243  |c 76000 
041 0 # |a Vie 
082 1 4 |a 361.3  |b GI108TR 
100 1 # |a Mai, Thị Kim Thanh 
245 1 0 |a Giáo trình mô hình công tác xã hội cá nhân  |c Mai Thị Kim Thanh 
260 # # |a Hà Nội  |b Dân trí  |c 2019 
300 # # |a 224tr.  |c 24 cm 
653 # # |a Công tác xã hội cá nhân 
653 # # |a Giáo trình 
653 # # |a Mô hình 
653 # # |a Quản lý 
852 # # |j KGT.0060813  |j KD.0027660  |j KGT.0060814 
910 # # |d 14/12/2020 
980 # # |a Trung tâm Học liệu Lê Vũ Hùng, Trường Đại học Đồng Tháp